Multidimensional complex analysis and partial differential equations : a collection of papers in honor of Francois Treves : proceedings of the Brazil-USA Conference on Multidimensional Complex Analysis and Partial Differential Equations, June 12-16, 1995 Sao Carlos, Brazil
Αποθηκεύτηκε σε:
| Συγγραφή απο Οργανισμό/Αρχή: | |
|---|---|
| Άλλοι συγγραφείς: | , , |
| Μορφή: | Βιβλίο |
| Γλώσσα: | English |
| Δημοσίευση: |
Providence, Rhode island :
American Mathematical Society,
c1997
|
| Σειρά: | Contemporary mathematics (American Mathematical Society) ;
; 205 |
| Θέματα: | |
| Ετικέτες: |
Προσθήκη ετικέτας
Δεν υπάρχουν, Καταχωρήστε ετικέτα πρώτοι!
|
MARC
| LEADER | 00000nam a2200000 i 4500 | ||
|---|---|---|---|
| 001 | 1/78389 | ||
| 008 | 990423s1997 eng d | ||
| 020 | |a 0-8218-0509-6 | ||
| 035 | |l 10050142 | ||
| 040 | |a GR-MY-UA |b gre |e aacr | ||
| 041 | 0 | |a eng | |
| 082 | 0 | |a 515.94 | |
| 110 | 2 | |a Brazil-USA Conference on Multidimensional Complex Analysis and Partial Differential Equations. | |
| 245 | 1 | 0 | |a Multidimensional complex analysis and partial differential equations : |b a collection of papers in honor of Francois Treves : proceedings of the Brazil-USA Conference on Multidimensional Complex Analysis and Partial Differential Equations, June 12-16, 1995 Sao Carlos, Brazil / |c Paulo D. Cordaro, Howard Jacobowitz, editors |
| 260 | |a Providence, Rhode island : |b American Mathematical Society, |c c1997 | ||
| 300 | |a ix, 276 p.; |c 26 cm. | ||
| 490 | 1 | |a Contemporary mathematics |v ; 205 | |
| 500 | |a Includes bibliographical references | ||
| 650 | 0 | 0 | |a Functional analysis |x Congresses. |
| 650 | 0 | 0 | |a Functions of several complex variables |x Congresses. |
| 650 | 0 | 0 | |a Differential equations, Partial |x Congresses. |
| 700 | 1 | |a Treves, Francois |d 1930- | |
| 700 | 1 | |a Cordaro, Paulo D. |4 edt | |
| 700 | 1 | |a Jacobowitz, Howard |d 1944- |4 edt | |
| 830 | 0 | |a Contemporary mathematics (American Mathematical Society) ; |v ; 205 | |
| 852 | |a INST |b SAMOS |e 19990423 |h 515.94 BRA |p 005300013063 |q 005300013063 |t BK |y 0 | ||
| 901 | |a BIBL-1999-1 | ||
| 909 | |a Σ |b 064040 | ||
| 922 | |a 3ΕΛΗ |b 199901 |c ΚΠΣ |d GLORY | ||